000 00919nas a2200313 4500
001 BR0304669
003 BR-BrBNA
005 20231205104050.0
007 ta
008 230509b bl.|||p| |||| 00| 00por d
040 _aBR-BrBNA
_bpor
_cBiblioteca Nacional de Agricultura
041 _a(Pt)
072 _aL70
100 1 _aFieldens, O.
100 1 _aVidor, T.
100 1 _aHubner, S. de O.
100 1 _aHalfen, D.C.
245 1 _aExtratos vegetais (Nicotiana glauca e Chrysanthemum vulgaris)em uma vacina contra o herpevirus bovino tipo 5 (BHV-5)
650 _aBOVINO
650 _aHERPESVIRUS
650 _aENCEFALITE
650 _aVACINA
650 _aEXTRATO VEGETAL
650 _aFUMO
650 _aCRISANTEMO
773 0 _tPesquisa Agropecuária Gaúcha (Brazil)
_xISSN 0104-9070
_g(2000), v. 6(2) p. 309-315
_wBR0304669
909 _a202311
_bLúcia
_c55
_dLúcia Elande
942 _2AGRIS
_n0
_cANA
999 _c176156
_d176156